|
|
|
|
| LEADER |
01651cas a2200241 a 4500 |
| 001 |
AALejournalIMF006471 |
| 008 |
230101c9999 xx r poo 0 0eng d |
| 020 |
|
|
|c 5.00 USD
|
| 020 |
|
|
|z 9781455206643
|
| 022 |
|
|
|a 1934-7685
|
| 040 |
|
|
|a BD-DhAAL
|c BD-DhAAL
|
| 110 |
2 |
|
|a International Monetary Fund.
|
| 245 |
1 |
0 |
|a United States :
|b Publication of Financial Sector Assessment Program Documentation; Technical Note on Basel II Implementation Preparedness in the United States.
|
| 264 |
|
1 |
|a Washington, D.C. :
|b International Monetary Fund,
|c 2010.
|
| 300 |
|
|
|a 1 online resource (26 pages)
|
| 490 |
1 |
|
|a IMF Staff Country Reports
|
| 500 |
|
|
|a <strong>Off-Campus Access:</strong> No User ID or Password Required
|
| 500 |
|
|
|a <strong>On-Campus Access:</strong> No User ID or Password Required
|
| 506 |
|
|
|a Electronic access restricted to authorized BRAC University faculty, staff and students
|
| 520 |
3 |
|
|a The key findings of the United States's Basel II Implementation Preparedness are discussed. Certain policy choices that the authorities have made or may make related to allowing banks to choose the capital regime that applies to them may open up arbitrage possibilities that the authorities need to take into account in the future. Each agency has a well-articulated overall Basel II strategy that has been disseminated to appropriate supervisory staff and communicated to relevant banking organizations.
|
| 538 |
|
|
|a Mode of access: Internet
|
| 830 |
|
0 |
|a IMF Staff Country Reports; Country Report ;
|v No. 2010/124
|
| 856 |
4 |
0 |
|z Full text available on IMF
|u http://elibrary.imf.org/view/journals/002/2010/124/002.2010.issue-124-en.xml
|z IMF e-Library
|